Tuneful tales /

Bibliographic Details
Main Author: Wiggins, Bernice Love, 1897-
Format: Book
Language:English
Published: Lubbock : Texas Tech University Press, [2002]
Series:Double mountain books--classic reissues of the American West.
Subjects:

MARC

Tag First Indicator Second Indicator Subfields
LEADER 00000cam a2200000 a 4500
001 in00002540421
005 20151113142851.0
008 020312r20021925txu b 000 0 eng
010 |a  2002003828 
020 |a 0896724859 (pbk. : alk. paper) 
020 |a 9780896724853 (pbk. : alk. paper) 
029 1 |a YDXCP  |b 1889535 
029 1 |a AU@  |b 000023425027 
035 |a (OCoLC)ocm49332491 
035 |a (OCoLC)49332491 
040 |a DLC  |c DLC  |d BAKER  |d BTCTA  |d YDXCP  |d OCLCG  |d TXA  |d UtOrBLW 
043 |a n-us-tx 
049 |a TXAM 
050 0 0 |a PS3545.I246  |b T8 2002 
082 0 0 |a 811/.52  |2 21 
090 |a PS3545.I197  |b T8 2002 
100 1 |a Wiggins, Bernice Love,  |d 1897- 
245 1 0 |a Tuneful tales /  |c Bernice Love Wiggins ; new introduction by Maceo C. Dailey, Jr. and Ruthe Winegarten. 
264 1 |a Lubbock :  |b Texas Tech University Press,  |c [2002] 
300 |a xvi, 179 pages ;  |c 22 cm. 
336 |a text  |b txt  |2 rdacontent 
337 |a unmediated  |b n  |2 rdamedia 
338 |a volume  |b nc  |2 rdacarrier 
490 1 |a Double mountain books--classic reissues of the American West 
504 |a Includes bibliographical references (pages [177]-179). 
650 0 |a African Americans  |v Poetry. 
651 0 |a Texas  |v Poetry. 
830 0 |a Double mountain books--classic reissues of the American West. 
938 |a Baker & Taylor  |b BKTY  |c 14.95  |d 11.21  |i 0896724859  |n 0003929625  |s active 
938 |a Baker and Taylor  |b BTCP  |n 2002003828 
938 |a YBP Library Services  |b YANK  |n 1889535 
948 |a cataloged  |b h  |c 2010/1/22  |d c  |e cfellows  |f 8:18:35 am 
994 |a C0  |b TXA 
999 |a MARS 
999 f f |s 5addcdf3-92ef-3491-9fd5-29288f089676  |i d05044b7-81db-3344-998b-931046b6a6f4  |t 0 
952 f f |p normal  |a Texas A&M University  |b Galveston Campus  |c Jack K. Williams Library  |s galv stk  |d Galveston Stacks  |t 0  |e PS3545.I246 T8 2002  |h Library of Congress classification  |i unmediated -- volume  |m 33620001058797 
998 f f |a PS3545.I246 T8 2002  |t 0  |l Galveston Stacks